000 00320nam a2200121Ia 4500
008 240731s9999 xx 000 0 und d
022 _a2378-9697
245 0 _aSustainable and Resilient Infrastructure
260 _bTaylor & Francis
856 _uhttps://www.tandfonline.com/loi/tsri20
942 _2ddc
942 _cTFEJ
999 _c79632
_d79632
945 _a1
_bMadushi Gamage
_c1
_dMadushi Gamage